00391 2200169 4500245003300000020002000033250000900053100001500062700001500077650001600092005001900108260004200127041001400169084000800183300002100191336000900212 aUnderworldcCabot, MeghText a978-979-22-9290 a2012 aCabot, Meg aShandy Tan aNovel Fiksi a20240906095929 aJakartabGramedia Pustaka Utamac2013 aIndonesia a823 a334 hlm :c20 cm atext